000 00313 a2200133 4500
001 71405
082 _a620.112 NAS
090 _c38760
_d38760
100 _aNash W.A
245 _aTheory and problems of strenth of Mareial 3 rd/Ed
_cNash,W.A
250 _a3rd
260 _bMcGraw Hill
_c1994
300 _a423
942 _aCAENUST
_k620.112 NAS
999 _c306478
_d306478